Word Scramble - Capitals of Countries - Easy - Statistics

General Stats
  • This quiz has been taken 1,084 times
  • The average score is 6 of 6
Answer Stats
Hint Answer % Correct
ingnotwash d.c Washington D.C
100%
emor Rome
99%
kyoto Tokyo
99%
owcsom Moscow
97%
arips Paris
97%
dnoonl London
95%
No matching quizzes found
Score Distribution
Percent of People with Each Score
Percentile by Number Answered
Your Score History
You have not taken this quiz